| 000 | 00892nam a2200277 i 4500 | ||
|---|---|---|---|
| 001 | 9554 | ||
| 003 | ES-MaACL | ||
| 005 | 20230906145714.0 | ||
| 007 | t| | ||
| 008 | 931104s1991 sp ||||1| spa d | ||
| 020 | _a84-7615-732-0 | ||
| 080 | _a159.937.5 | ||
| 100 | 1 |
_aGibilisco, Stan. _956655 |
|
| 245 | 1 | 0 |
_aIlusiones ópticas _b: rompecabezas, paradojas y enigmas / _cStan Gibilisco ; traducción, Rafael Gómez Lucía. |
| 260 |
_aMadrid [etc.] : _bMcGraw-Hill, _cD.L. 1991. |
||
| 300 |
_aIX, 147 p. : _bil. ; _c21 cm. |
||
| 490 | 1 | _aSerie McGraw-Hill de divulgación científica | |
| 500 | _aBibliografía. | ||
| 500 | _aIndice. | ||
| 650 | 1 | 4 |
_aPercepción. _915929 |
| 650 | 1 | 4 |
_aRealidad. _916683 |
| 700 | 1 |
_aGómez Lucía, Rafael. _958023 |
|
| 830 | 0 |
_aSerie McGraw-Hill de divulgación científica _9178515 |
|
| 852 |
_aES-MaACL _jL-17010 _bR.122039 |
||
| 999 |
_c9554 _d9554 |
||